LEADER 01082nam0 2200241 450 001 000019665 005 20081119145301.0 100 $a20081119d1976----km-y0itay50------ba 101 0 $aita 102 $aIT 105 $ay-------001yy 200 1 $aModelli e strutture nella geometria analitica$elo spazio dei "vettori liberi ordinari" come modello matematico per la rappresentazione e la analisi dei "moti di traslazione" e della relativa legge fisica per la loro composizione$ecorso monografico di introduzione metodologico-concettuale ad una concezione interdisciplinare della "geometria analitica"$fCalogero Palermo 210 $aNapoli$cLiguori$d1976 215 $aXIX, 278 p.$d24 cm 500 10$aModelli e strutture nella geometria analitica$933865 610 1 $aGeometria analitica 676 $a516.3$v21$9Geometrie analitiche 700 1$aPalermo,$bCalogero$037066 801 0$aIT$bUNIPARTHENOPE$c20081119$gRICA$2UNIMARC 912 $a000019665 951 $aM 516.3/2$bM 136$cDSA$d2008 996 $aModelli e strutture nella geometria analitica$933865 997 $aUNIPARTHENOPE